000 00268nam a2200109Ia 4500
008 240625s9999 xx 000 0 und d
041 _aeng
082 _a658.40355 WIL
100 _aWILSON J HOLTON
245 _aBUSINESS FORECASTING WITH ACCOMPANYING E
260 _c2007
999 _c33350
_d33350